000 00713nam a2200253Ia 4500
003 OSt
005 20221005130647.0
006 a|||||r|||| 00| 0
007 ta
008 221004b |||||||| |||| 00| 0 eng d
024 _a67976
037 _cTextual
040 _aCRL
_cCRL
_beng
041 _2eng
_aeng
082 _aXM25.2.N5, K5
110 _aIndia, Community Development And Co-operation (Ministry of )
_9638442
245 0 _aSahakari samaj
_b A popular edition
260 _c1965
300 _a.
_ccm.
650 _aECONOMICS
700 _aIndia, Community Development And Co-operation (Ministry of )
_9272305
942 _hXM25.2.N5, K5
_cTEXL
_2cc
999 _c1057936
_d1057936